Cátedra Doctrina Social de la Iglesia: anuario 2013
Guardat en:
| Autor principal: | |
|---|---|
| Format: | Llibre |
| Idioma: | espanyol |
| Publicat: |
Valparaíso
Pontificia Universidad Católica de Valparaíso
2014
|
| Edició: | 1a. ed |
| Matèries: | |
| Etiquetes: |
Afegir etiqueta
Sense etiquetes, Sigues el primer a etiquetar aquest registre!
|
MARC
| LEADER | 00000cam a2200000 a 4500 | ||
|---|---|---|---|
| 001 | UCE3066 | ||
| 003 | CL-VaPUC | ||
| 005 | 20250103100411.0 | ||
| 008 | 140814e20140000cl |||||||||||||||||spa|d | ||
| 999 | |c 356517 |d 356515 | ||
| 020 | |a 9789561706026 | ||
| 040 | |c Pontificia Universidad Católica de Valparaíso | ||
| 082 | 0 | 4 | |a 261.1 |b MEN |2 21 |
| 100 | |a Mendoza Valdebenito, Jorge Eduardo |e autor |9 864859 | ||
| 245 | 1 | 0 | |a Cátedra Doctrina Social de la Iglesia: anuario 2013 |
| 250 | |a 1a. ed | ||
| 260 | |a Valparaíso |b Pontificia Universidad Católica de Valparaíso |c 2014 | ||
| 300 | |a 109 p | ||
| 500 | |a C.17 Donación P. Cristian Eichin. Facultad de Teología 30/05/2024. | ||
| 583 | |a last modification |c 20151014 10:30:50 |k Rodrigo Vera | ||
| 650 | 0 | |a Iglesia Católica |z Valparaíso, Chile |9 256114 | |
| 650 | 0 | |a Historia eclesiástica |9 294850 |z Valparaíso, Chile | |
| 650 | 0 | |a Problemas sociales |9 258537 | |
| 650 | 0 | |a Iglesia y Estado |9 254995 |z Chile | |
| 942 | |c BK |2 ddc | ||
| 945 | |d 20140814 14:58:00 |a arojas | ||
| 952 | |0 0 |1 0 |3 erb |4 0 |6 261_100000000000000_MEN_2014 |7 0 |8 A |9 463945 |a BIBCUR |b BIBCUR |i 5094267 |o 261.1 MEN 2014 |p 5094267 |r 2025-04-22 |w 2019-11-23 |y BK |z Catalogado en:20140814 |k BCB | ||
| 952 | |0 0 |1 0 |3 erb |4 0 |6 261_100000000000000_MEN_2014 |7 0 |8 A |9 463946 |a BIBEDU |b BIBEDU |i 5094275 |o 261.1 MEN 2014 |p 5094275 |r 2019-11-23 |w 2019-11-23 |y BK |z Catalogado en:20140814 |k EDU | ||
| 952 | |0 0 |1 0 |3 erb |4 0 |6 261_100000000000000_MEN_2014 |7 0 |8 A |9 463947 |a BIBGIM |b BIBGIM |i 5094283 |o 261.1 MEN 2014 |p 5094283 |r 2025-01-15 |w 2019-11-23 |y BK |z Catalogado en:20140814 |k GIM | ||
| 952 | |0 0 |1 0 |3 erb |4 0 |6 261_100000000000000_MEN_2014 |7 0 |8 A |9 463948 |a BIBING |b BIBING |i 5094291 |o 261.1 MEN 2014 |p 5094291 |r 2025-01-20 |w 2019-11-23 |y BK |z Catalogado en:20140814 |k ING | ||
| 952 | |0 0 |1 0 |3 erb |4 0 |6 261_100000000000000_MEN_2014 |7 0 |8 A |9 463949 |a BIBALI |b BIBALI |c GEN |i 5094305 |o 261.1 MEN 2014 |p 5094305 |r 2025-01-20 |w 2019-11-23 |y BK |z Catalogado en:20140814 |k ALI | ||
| 952 | |0 0 |1 0 |3 erb |4 0 |6 261_100000000000000_MEN_2014 |7 0 |8 A |9 463950 |a BIBAGR |b BIBAGR |i 5094313 |o 261.1 MEN 2014 |p 5094313 |r 2025-01-20 |w 2019-11-23 |y BK |z Catalogado en:20140814 |k AGR | ||
| 952 | |0 0 |1 0 |3 erb |4 0 |6 261_100000000000000_MEN_2014 |7 0 |8 P |9 463951 |a BIBARQ |b BIBARQ |i 5094321 |o 261.1 MEN 2014 |p 5094321 |r 2025-01-20 |w 2019-11-23 |y BK |z Catalogado en:20140814 |k ARQ | ||
| 952 | |0 0 |1 0 |3 erb |4 0 |6 261_100000000000000_MEN_2014 |7 0 |8 A |9 463952 |a BIBDER |b BIBDER |i 5094348 |o 261.1 MEN 2014 |p 5094348 |r 2023-01-25 |w 2019-11-23 |y BK |z Catalogado en:20140814 |k DER | ||
| 952 | |0 0 |1 0 |3 erb |4 0 |6 261_100000000000000_MEN_2014 |7 0 |8 A |9 463953 |a BIBHIS |b BIBHIS |i 5094356 |o 261.1 MEN 2014 |p 5094356 |r 2025-01-20 |w 2019-11-23 |y BK |z Catalogado en:20140814 |k HIS | ||
| 952 | |0 0 |1 0 |3 erb |4 0 |6 261_100000000000000_MEN_2014 |7 0 |8 A |9 463954 |a BIBTEO |b BIBTEO |i 5094364 |o 261.1 MEN 2014 |p 5094364 |r 2025-01-17 |w 2019-11-23 |y BK |z Catalogado en:20140814 |k ICR | ||
| 952 | |0 0 |1 0 |3 erb |4 0 |6 261_100000000000000_MEN_2014 |7 0 |8 A |9 463955 |a BIBMAT |b BIBMAT |i 5094372 |o 261.1 MEN 2014 |p 5094372 |r 2025-01-07 |w 2019-11-23 |y BK |z Catalogado en:20140814 |k MAT | ||
| 952 | |0 0 |1 0 |3 erb |4 0 |6 261_100000000000000_MEN_2014 |7 0 |8 A |9 463956 |a BIBMEC |b BIBMEC |i 5094380 |o 261.1 MEN 2014 |p 5094380 |r 2024-01-19 |w 2019-11-23 |y BK |z Catalogado en:20140814 |k MEC | ||
| 952 | |0 0 |1 0 |3 erb |4 0 |6 261_100000000000000_MEN_2014 |7 0 |8 A |9 463957 |a BIBEDU |b BIBEDU |i 5094399 |o 261.1 MEN 2014 |p 5094399 |r 2023-01-12 |w 2019-11-23 |y BK |z Catalogado en:20140814 |k MUS | ||
| 952 | |0 0 |1 0 |3 erb |4 0 |6 261_100000000000000_MEN_2014 |7 0 |8 X |9 463958 |a FDOBUD |b FDOBUD |i 5113555 |o 261.1 MEN 2014 |p 5113555 |r 2019-11-23 |w 2019-11-23 |y BK_X |z Catalogado en:20140911 |k FHP | ||
| 952 | |0 0 |1 0 |3 erb |4 0 |6 261_100000000000000_MEN_2014 |7 0 |8 X |9 463959 |a FDOBUD |b FDOBUD |i 5135958 |o 261.1 MEN 2014 |p 5135958 |r 2019-11-23 |w 2019-11-23 |y BK_X |z Catalogado en:20150123 |k FHP | ||
| 952 | |0 0 |1 0 |3 erb |4 0 |6 261_100000000000000_MEN_2014 |7 0 |8 A |9 463960 |a BIBAGR |b BIBAGR |i 5401518 |o 261.1 MEN 2014 |p 5401518 |r 2025-01-20 |w 2019-11-23 |y BK |z Catalogado en:20170626 |k AGR | ||
| 952 | |0 0 |1 0 |2 ddc |3 erb |4 0 |6 261_100000000000000_MEN_2014 |7 0 |8 A |9 594930 |a BIBTEO |b BIBTEO |d 2024-05-31 |e Donación |i 5661484 |o 261.1 MEN 2014 |p 5661484 |r 2025-01-17 |t 17 |w 2019-11-23 |y BK |z Catalogado en:20140814 |k ICR | ||